Tersungkur di pintu 'syurga' = The untold truth and inside story of Al-Arqam & I.S.A (Detention without trial)

Bibliographic Details
Main Author: Zabidi Mohamed
Format: Book
Published: Kuala Lumpur : Zabidi Publication , 1998
Subjects:

MARC

LEADER 00000cam a2200000 7i4500
001 0000023691
005 20081014.0
008 081014
020 |a 9839944703 
090 0 0 |a 297.8   |b ZAB 
100 0 |a Zabidi Mohamed 
245 1 0 |a Tersungkur di pintu 'syurga' = The untold truth and inside story of Al-Arqam & I.S.A (Detention without trial) 
260 |a Kuala Lumpur :   |b Zabidi Publication ,   |c 1998 
650 0 |a Darul Arqam (Organization) 
650 0 |a Islam and politics   |z Malaysia 
999 |a 0001020393   |b Book   |c Adult Collection   |e Cawangan Bukit Gambir